[Event "Eastern Asia-ch U14 7th"]
[Site "Hainan"]
[Date "2023.08.09"]
[Round "7"]
[White "Lam, Chun Yung Samuel"]
[Black "Zhang, Haixin"]
[Result "1-0"]
[WhiteElo "1721"]
[BlackElo "1318"]
[PlyCount "63"]
[EventDate "2023.08.04"]
[EventType "swiss"]
[EventRounds "9"]
[EventCountry "CHN"]
[SourceTitle "EXT 2024"]
[Source "ChessBase"]
[SourceDate "2023.10.10"]
[SourceVersion "1"]
[SourceVersionDate "2023.10.10"]
[SourceQuality "1"]

1. e4 c5 2. Nf3 Nc6 3. d4 cxd4 4. Nxd4 Nf6 5. Nc3 e6 6. Ndb5 Bb4 7. a3 Bxc3+ 8. Nxc3 d5 9. exd5 exd5 10. Bd3 0-0 11. 0-0 h6 12. Bf4 Be6 13. Re1 Rc8 14. h3 d4 15. Ne4 Nxe4 16. Bxe4 Qb6 17. Qd2 Rfd8 18. Bxh6 gxh6 19. Qxh6 Ne7 20. Bh7+ Kh8 21. Bf5+ Kg8 22. Rxe6 Nxf5 23. Qg5+ Ng7 24. Rxb6 axb6 25. Re1 Rd6 26. Re4 Rc5 27. Qg3 Rd7 28. b4 Rcd5 29. Rg4 f5 30. Rg6 d3 31. cxd3 Rxd3 32. Rxg7+ 1-0

[Event "Eastern Asia-ch U14 7th"]
[Site "Hainan"]
[Date "2023.08.05"]
[Round "2"]
[White "Lam, Chun Yung Samuel"]
[Black "Wang, Puxuan"]
[Result "1-0"]
[WhiteElo "1721"]
[BlackElo "1334"]
[PlyCount "133"]
[EventDate "2023.08.04"]
[EventType "swiss"]
[EventRounds "9"]
[EventCountry "CHN"]
[SourceTitle "EXT 2024"]
[Source "ChessBase"]
[SourceDate "2023.10.10"]
[SourceVersion "1"]
[SourceVersionDate "2023.10.10"]
[SourceQuality "1"]

1. e4 c5 2. Nf3 g6 3. d4 Bg7 4. d5 d6 5. Nc3 Nf6 6. Be2 0-0 7. 0-0 e6 8. h3 exd5 9. exd5 a6 10. a4 Re8 11. Bf4 Ne4 12. Ra3 Bf5 13. Bd3 Qf6 14. Re1 Nd7 15. Bxe4 Bxe4 16. Nxe4 Qxf4 17. g3 Qf5 18. Nxd6 Rxe1+ 19. Qxe1 Qf6 20. Nc4 Nb6 21. Nxb6 Qxb6 22. Re3 Bxb2 23. Rb3 Qf6 24. Kg2 b5 25. c3 Rd8 26. Rxb2 Rxd5 27. axb5 axb5 28. Rxb5 Rd3 29. Ne5 Rd5 30. Rb8+ Kg7 31. Ng4 Qc6 32. Qe8 Qxe8 33. Rxe8 Rd3 34. Re3 Rd2 35. Re5 f5 36. Ne3 Kf6 37. Rxc5 Kg5 38. Rd5 Rb2 39. c4 h5 40. h4+ Kf6 41. c5 Rb3 42. Rd6+ Ke5 43. Rxg6 Rc3 44. Rg5 Ke4 45. Rxf5 Kd4 46. Rxh5 Kd3 47. g4 Ke2 48. Rd5 Rc1 49. h5 Ra1 50. h6 Ra7 51. Rh5 Rf7 52. Nf5 Rh7 53. g5 Rf7 54. g6 Rf6 55. Rg5 Kd3 56. g7 Ke4 57. g8Q Kf4 58. Rg4+ Ke5 59. Qe8+ Re6 60. Qb8+ Kf6 61. Qf8+ Ke5 62. Qd6+ Rxd6 63. Nxd6 Kd5 64. h7 Kc6 65. h8Q Kd5 66. Rd4+ Kc6 67. Qc8# 1-0

[Event "Asia Cup U14"]
[Site "Shenzhen"]
[Date "2019.12.19"]
[Round "1.2"]
[White "Lam, Chun Yung Samuel"]
[Black "Tsogtbayar, Batlut"]
[Result "1-0"]
[WhiteElo "1288"]
[BlackElo "1404"]
[PlyCount "67"]
[EventDate "2019.12.19"]
[EventType "team-tourn"]
[EventRounds "9"]
[EventCountry "CHN"]
[SourceTitle "CBM 194 Extra"]
[Source "ChessBase"]
[SourceDate "2020.03.31"]
[SourceVersion "1"]
[SourceVersionDate "2020.03.31"]
[SourceQuality "1"]
[WhiteTeam "Hong Kong II"]
[BlackTeam "Mongolia II"]
[WhiteTeamCountry "HKG"]
[BlackTeamCountry "MGL"]

1. Nf3 d5 2. g3 Nf6 3. Bg2 g6 4. 0-0 Bg7 5. d3 0-0 6. Nbd2 Nbd7 7. e4 e5 8. c3 c6 9. Ne1 dxe4 10. dxe4 Re8 11. f4 Nc5 12. Qc2 a5 13. f5 b6 14. b4 Na6 15. bxa5 bxa5 16. Ba3 Nc7 17. h3 Ba6 18. Rf2 Qd7 19. Nb3 Bc4 20. Nc5 Qc8 21. Rb1 Nb5 22. Bc1 Nd6 23. g4 h6 24. g5 hxg5 25. Bxg5 Nd7 26. Nxd7 Qxd7 27. f6 Bf8 28. h4 Nb5 29. Rd1 Qa7 30. Kh2 a4 31. Rf3 Na3 32. Qd2 Qc7 33. Qf2 Nb5 34. h5 1-0

[Event "Hong Kong Caissa Sunday op"]
[Site "Hong Kong"]
[Date "2019.01.27"]
[Round "3"]
[White "Lam, Chun Yung Samuel"]
[Black "Kadam, Aaditya Vivek"]
[Result "1-0"]
[WhiteElo "1330"]
[BlackElo "1211"]
[PlyCount "139"]
[EventDate "2019.01.13"]
[EventType "swiss"]
[EventRounds "7"]
[EventCountry "HKG"]
[SourceTitle "CBM 189 Extra"]
[Source "ChessBase"]
[SourceDate "2019.06.03"]
[SourceVersion "1"]
[SourceVersionDate "2019.06.03"]
[SourceQuality "1"]

1. e4 d6 2. d4 Nf6 3. Nc3 g6 4. f4 Bg7 5. Nf3 0-0 6. e5 dxe5 7. dxe5 Ng4 8. h3 Nh6 9. g4 Qxd1+ 10. Nxd1 Rd8 11. Bg2 Nc6 12. Ne3 f6 13. exf6 exf6 14. Kf2 f5 15. g5 Nf7 16. c3 Be6 17. Nc2 Nd6 18. Re1 Re8 19. Be3 Ne4+ 20. Kg1 Rad8 21. Nfd4 Nxd4 22. Bxd4 Bxd4+ 23. Nxd4 Bd5 24. a3 Bc4 25. Rad1 c5 26. Nf3 Bb3 27. Rxd8 Rxd8 28. Ne5 Rd2 29. Bxe4 fxe4 30. Rxe4 Rxb2 31. Nd7 Rc2 32. Nxc5 Rxc3 33. Nxb3 Rxb3 34. a4 Rxh3 35. Rb4 b6 36. Kg2 Rd3 37. Rc4 Rd7 38. Kf3 Kf7 39. Ke4 Ke6 40. Rc6+ Rd6 41. Rc7 Rd7 42. Rc8 a5 43. Rb8 Rd6 44. Rb7 Rc6 45. Rxh7 Rc4+ 46. Kf3 Rxa4 47. Rg7 b5 48. Rxg6+ Ke7 49. Rb6 Ra3+ 50. Kg4 b4 51. g6 Kf8 52. f5 Ra1 53. f6 Rg1+ 54. Kf5 Rf1+ 55. Ke5 Re1+ 56. Kd5 Rd1+ 57. Kc5 Rc1+ 58. Kb5 Rc8 59. Kxa5 Rc5+ 60. Kxb4 Rc8 61. Kb5 Kg8 62. Ka6 Rd8 63. Ka7 Rc8 64. Rb8 Rxb8 65. Kxb8 Kh8 66. Kc7 Kg8 67. Kd7 Kh8 68. Ke7 Kg8 69. f7+ Kh8 70. f8Q# 1-0

[Event "Hong Kong Jolimark op"]
[Site "Hong Kong"]
[Date "2018.12.25"]
[Round "6"]
[White "Ho, In Hei Henry"]
[Black "Lam, Chun Yung Samuel"]
[Result "1-0"]
[WhiteElo "1870"]
[BlackElo "1336"]
[PlyCount "35"]
[EventDate "2018.12.22"]
[EventType "swiss"]
[EventRounds "9"]
[EventCountry "HKG"]
[SourceTitle "CBM 188 Extra"]
[Source "ChessBase"]
[SourceDate "2019.02.26"]
[SourceVersion "1"]
[SourceVersionDate "2019.02.26"]
[SourceQuality "1"]

1. e4 c5 2. Nc3 g6 3. d4 Bg7 4. d5 d6 5. f4 a6 6. a4 e6 7. Nf3 Ne7 8. Bc4 0-0 9. 0-0 Qa5 10. dxe6 Bxc3 11. exf7+ Kg7 12. Qxd6 Nec6 13. e5 Nd7 14. Be6 Rd8 15. Bxd7 Bxd7 16. Qf6+ Kf8 17. Ng5 Bd4+ 18. Kh1 1-0

[Event "Wch U08"]
[Site "Santiago de Compostela"]
[Date "2018.11.11"]
[Round "7"]
[White "Lam, Chun Yung Samuel"]
[Black "Yonal, Timur"]
[Result "0-1"]
[WhiteElo "1309"]
[BlackElo "1524"]
[PlyCount "96"]
[EventDate "2018.11.04"]
[EventType "swiss"]
[EventRounds "11"]
[EventCountry "ESP"]
[SourceTitle "EXT 2022"]
[Source "ChessBase"]
[SourceDate "2021.10.06"]
[SourceVersion "1"]
[SourceVersionDate "2021.10.06"]
[SourceQuality "1"]

1. e4 c5 2. Be2 e6 3. f4 d6 4. Nf3 Nc6 5. 0-0 Qc7 6. d3 a6 7. c3 d5 8. Be3 Nf6 9. e5 Ng4 10. Qd2 Nxe3 11. Qxe3 d4 12. Qf2 b5 13. Kh1 Bb7 14. cxd4 cxd4 15. Nxd4 Nxd4 16. Qxd4 Bc5 17. Qc3 Qb6 18. Nd2 Bd4 19. Qa3 a5 20. Rac1 Be3 21. Qc3 0-0 22. Qc2 Rac8 23. Qd1 Rxc1 24. Qxc1 Rc8 25. Qd1 Bd5 26. b3 Qc6 27. Bf3 Bxf3 28. Nxf3 Qc3 29. Ng5 h6 30. Ne4 Qd4 31. Qe2 b4 32. g3 Qa7 33. Kg2 Rd8 34. Nd6 Bc5 35. Ne4 Bb6 36. Rc1 Qd7 37. Rd1 Qd5 38. Qf3 Bd4 39. Kf1 Rc8 40. Qg4 Kh8 41. Qh5 Rc7 42. g4 Be3 43. Qh4 Bxf4 44. g5 Bxg5 45. Nxg5 Qh1+ 46. Ke2 Qg2+ 47. Qf2 Rc2+ 48. Rd2 Rxd2+ 0-1

[Event "Hong Kong-ch op"]
[Site "Hong Kong"]
[Date "2017.11.13"]
[Round "6"]
[White "Lam, Chun Yung Samuel"]
[Black "Kan, Yui Him"]
[Result "0-1"]
[WhiteElo "1144"]
[BlackElo "1420"]
[PlyCount "44"]
[EventDate "2017.10.09"]
[EventType "swiss"]
[EventRounds "7"]
[EventCountry "HKG"]
[SourceTitle "EXT 2019"]
[Source "ChessBase"]
[SourceDate "2018.10.10"]
[SourceVersion "1"]
[SourceVersionDate "2018.10.10"]
[SourceQuality "1"]

1. e4 c5 2. Nf3 d6 3. d4 cxd4 4. Nxd4 Nf6 5. Nc3 Nc6 6. Be3 e5 7. Nxc6 bxc6 8. Bc4 Be7 9. 0-0 0-0 10. f4 Ng4 11. Qf3 Nxe3 12. Qxe3 Bf6 13. Rad1 Qc7 14. fxe5 Bxe5 15. Qf3 Be6 16. Bxe6 fxe6 17. Qg4 Qe7 18. Rxf8+ Rxf8 19. Qh3 Qf6 20. g4 Qf2+ 21. Kh1 Qxc2 22. Qg2 Rf2 0-1

[Event "Hong Kong-ch op"]
[Site "Hong Kong"]
[Date "2017.10.16"]
[Round "2"]
[White "Lam, Chun Yung Samuel"]
[Black "Chung, Edwin Shu Hon"]
[Result "0-1"]
[WhiteElo "1144"]
[BlackElo "1748"]
[PlyCount "98"]
[EventDate "2017.10.09"]
[EventType "swiss"]
[EventRounds "7"]
[EventCountry "HKG"]
[SourceTitle "EXT 2019"]
[Source "ChessBase"]
[SourceDate "2018.10.10"]
[SourceVersion "1"]
[SourceVersionDate "2018.10.10"]
[SourceQuality "1"]

1. e4 c5 2. Nf3 d6 3. d4 cxd4 4. Nxd4 Nf6 5. Nc3 a6 6. Bc4 b5 7. Bb3 e5 8. Nf3 b4 9. Nd5 Nxe4 10. Nxb4 Qb6 11. Nd3 Bb7 12. Be3 Qc7 13. 0-0 Be7 14. Nb4 Nf6 15. Nd5 Nxd5 16. Bxd5 Nd7 17. Bxb7 Qxb7 18. b3 d5 19. Re1 0-0 20. Bf4 e4 21. g3 Bf6 22. Nd4 Qb4 23. Be3 Ne5 24. Rc1 Rfc8 25. c3 Rxc3 26. Qd2 Rac8 27. a3 Qa5 28. Ne2 Nf3+ 29. Kg2 Nxd2 30. Bxd2 d4 31. Rc2 d3 32. Bxc3 Bxc3 33. Rxc3 Rxc3 34. Nxc3 Qxc3 35. Rxe4 Qc6 36. f3 Qxe4 37. fxe4 d2 38. b4 d1Q 39. e5 Kf8 40. h4 Ke7 41. a4 Qxa4 42. Kh3 Ke6 43. Kg4 Kxe5 44. h5 Qd1+ 45. Kh3 Kf5 46. g4+ Kf4 47. Kg2 Qf3+ 48. Kg1 Kg3 49. h6 Qg2# 0-1